000
00280nam a2200109Ia 4500
008
200302s9999 xx 000 0 und d
100
_a
Author
245
_a
Review of Education and Training in Concrete
260
_b
Cement and Concrete Association
260
_c
1973
300
_a
25 P.,
999
_c
510
_d
510